| 000 | 00745cam a22002413a 4500 | ||
|---|---|---|---|
| 001 | 20476 | ||
| 003 | PGUSA | ||
| 005 | 20140828083431.0 | ||
| 008 | 070129s2007||||xxu|||||s|||||000 | eng d | ||
| 040 |
_aPGUSA _beng |
||
| 042 | _adc | ||
| 050 | 4 | _aBV | |
| 100 | 1 |
_aChapin, E. H. _q(Edwin Hubbell), _d1814-1880 |
|
| 245 | 1 | 0 |
_aHymns for Christian Devotion : _bEspecially Adapted to the Universalist Denomination _h[electronic resource] / _cE. H. Chapin |
| 260 |
_bProject Gutenberg, _c2007 |
||
| 506 | _aPublic domain in the USA. | ||
| 516 | _aElectronic text | ||
| 653 | _aUniversalist churches -- Hymns | ||
| 653 | _aHymns, English | ||
| 830 | 0 |
_aProject Gutenberg _v20476 |
|
| 856 | 4 | 0 | _uhttp://www.gutenberg.org/ebooks/20476 |
| 942 | _cEB | ||
| 999 |
_c249731 _d249731 |
||